000 00615nam a2200229 i 4500
001 9338
003 ES-MaACL
005 20230906145643.0
007 t|
008 930809s1992 sp ||||1| spa d
020 _a84-604-5039-2
080 _a86-14"19"
080 _a86(Alvárez-Ruz,A.7 A.01)
100 1 _aAlvarez-Ruz, Alberto.
_9178438
245 1 0 _aA compás /
_cAlberto Alvárez-Ruz.
260 _aMadrid :
_bEuterpe,
_cD.L. 1992.
300 _a19 p. :
_bil. ;
_c21 cm.
490 1 _aEuterpe ;
_v5
830 0 _aEuterpe ;
_v5
_9178437
852 _aES-MaACL
_j2146-F-16
_bR.121217
999 _c9338
_d9338